000 00546nam a22001817a 4500
005 20240404171445.0
010 _aENG-139657
020 _c295.00
_a9788170493853
035 _aEN-123189
037 _bDBAD/PUB
082 _a345.43
100 _aGuruprasad D V
_964323
245 _aCommon Man's Guide To Police and Criminal Law/
_cBy D V Guruprasad
260 _aDaryaganj
_bManas Publications
_c2011
270 _b New Delhi
_a4402/5-A, Ansari Road
_e110002
300 _a162p;
_c23cm(Hb)
942 _2ddc
_cEN
_h345.43
_mGUR
999 _c201403
_d201403